| 000 | 01018cam a22002771 4500 | ||
|---|---|---|---|
| 001 | 27416 | ||
| 003 | BD-RjUL | ||
| 005 | 20211209051143.0 | ||
| 008 | 140325r1953 nyua bf 001 0 eng | ||
| 035 | _a(BD-RjUL)27490 | ||
| 035 | _a(OCoLC)498667 | ||
| 040 |
_aDLC _cODaWU _dOCoLC _dDLC _dBD-RjUL _beng |
||
| 041 | _aeng | ||
| 082 |
_a342.73 _bJOA 1953 |
||
| 100 | 1 |
_aJohnson, Claudius Osborne. _d1894- _914731 |
|
| 245 | 1 | 0 |
_aAmerican government : _bNational, State, and local / _cClaudius Osborne Johnson. |
| 260 |
_aNew York : _bCrowell, _c1951 [Reprint 1953]. |
||
| 300 |
_axx, 1068 p. : _bdiagrs. ; _c24 cm. |
||
| 500 | _a"[A rearrangement of] the material in [the author's] ... Government in the United States, fifth edition." | ||
| 504 | _aIncludes bibliographies & Index. | ||
| 651 | 0 |
_aUnited States _xPolitics and government _vHandbooks, manuals, etc. _913587 |
|
| 651 | 0 |
_aUnited States _xPolitics and government _y1933-1945. _98815 |
|
| 942 |
_2ddc _cBK |
||
| 999 |
_c27416 _d27416 |
||